000 00784nam a2200205 i 4500
001 186500
003 SpMaBN
005 20230906222701.0
008 161118s1998 sp ao |||| | spa d
080 _a75.035/.036(460.18)(064.3)
245 0 0 _a1898 Castilla y León 1998
_b: [exposición] /
_c[textos, Josefa Eugenia Fernández Arufe, Juan Valverde Fuertes, Emilio de Diego, Carlos de la Casa... et al.].
260 _a[Valladolid] :
_bJunta de Castilla y León,
_c[1998]
300 _a162 p. :
_bil. col. ;
_c28 cm.
650 7 _aPintura-
_zCastilla y León-
_vExposiciones.
_9161320
655 7 _2tgfbne
_9193628
_aCatálogos de exposiciones
710 2 _aCastilla y León.
_bJunta.
_92501
852 _aES-MaACL
_jL-30844
942 _2udc
999 _c186500
_d186500